000 00614cam a22002291 4500
001 sa 68005276
003 DLC
005 20260227112507.0
008 941010m19619999np 000 0 nepo
010 _asa 68005276
025 _aPL480:N-455
035 _a(OCoLC)31253083
040 _aDLC
_cCU
_dCU
_dDLC
050 0 0 _aPK2599.B3
_bB5
100 1 _aBhatta, Bhim Dev,
_d1944-
245 1 0 _aBaitaḍīkā kehī sthānīya śabda.
260 _c2018 [1961-
300 _av.
_c18 cm.
500 _aIn Nepali.
650 0 _aNepali language
_xDialects
_zBaitadī (Nepal : District)
700 1 _aBhatta, Arjun Dev.
999 _c80626
_d80626